| Record ID | ia:dutyofsustaining01spra |
| Source | Internet Archive |
| Download MARC XML | https://archive.org/download/dutyofsustaining01spra/dutyofsustaining01spra_marc.xml |
| Download MARC binary | https://www.archive.org/download/dutyofsustaining01spra/dutyofsustaining01spra_meta.mrc |
LEADER: 00680cam 2200205u 4500
001 8708790
005 20040930081150.0
008 820505s1861 nju 000 0 eng
035 $9(DLC) 15027846
906 $a0$bcbc$cpremunv$du$encip$f19$gy-gencatlg
010 $a 15027846
040 $aDLC$cCarP$dDLC
043 $an-us---
050 00 $aE458.1$b.S76
100 1 $aSprague, Isaac Newton,$d1801-1896. [from old catalog]
245 14 $aThe duty of sustaining the government.
260 $aNewark, N.J.,$bPrinted at the Daily advertiser office,$c1861.
300 $a20 p.$c23 cm.
651 0 $aUnited States$xHistory$yCivil War, 1861-1865.
991 $bc-GenColl$hE458.1$i.S76$tCopy 1$wPREM